书目信息 |
| 题名: |
黄河水沙调控与下游河道中水河槽塑造
|
|
| 作者: | 胡春宏 主编 | |
| 分册: | ||
| 出版信息: | 北京 科学出版社 2007.60 |
|
| 页数: | ||
| 开本: | 16开 | |
| 丛书名: | ||
| 单 册: | ||
| 中图分类: | TV125 | |
| 科图分类: | ||
| 主题词: | 工程水文学 | |
| 电子资源: | ||
| ISBN: | 978-7-03-018772-9 | |
| 000 | 00592nam0 2200181 450 | |
| 001 | 0736196517 | |
| 005 | 20070924100316.51 | |
| 010 | @a978-7-03-018772-9@d¥80.00 | |
| 100 | @a20070924d km y0chiy0120 ea | |
| 101 | 0 | @achi |
| 200 | 1 | @a黄河水沙调控与下游河道中水河槽塑造@Ahuang he shui sha tiao kong yu xia you he dao zhong shui he cao su zao@f胡春宏 等主编@Fhu chun hong deng zhu bian |
| 210 | @a北京@c科学出版社@d2007.60 | |
| 215 | @d16开 | |
| 606 | 0 | @a工程水文学 |
| 690 | @aTV125@v3 | |
| 701 | 0 | @a胡春宏@Ahu chun hong@4主编 |
| 801 | 0 | @aCN@bPFT@c20070924 |
| 905 | @a213230@dTV125@eZY11@f1 | |
| 黄河水沙调控与下游河道中水河槽塑造/胡春宏 等主编.-北京:科学出版社,2007.60 |
| 16开 |
| ISBN 978-7-03-018772-9:¥80.00 |
| ● |
| 相关链接 |
|
|
|
|
正题名:黄河水沙调控与下游河道中水河槽塑造
索取号:TV125/ZY11
 
预约/预借
| 序号 | 登录号 | 条形码 | 馆藏地/架位号 | 状态 | 备注 |
| 1 | 7901772 | 279017724 | 密集书库-资源管理系/ [索取号:TV125/ZY11] | 在馆 |